000 00315nam a2200133Ia 4500
008 230312s9999||||xx |||||||||||||| ||und||
082 _a891.4
_bAGH-F
100 _aDr.agha hussain hamadani
245 0 _aFatima Jinnah
260 _bNational book
_apak
_c2003
300 _a166
650 _aLiterature
942 _cBK
999 _c13482
_d13482